000 00645nam a2200193Ia 4500
003 GCL
008 140319s9999 xx 000 0 ara d
040 _aGCL /
_cGCL
082 0 4 _a210.91624
_bع ا
100 1 _aعبدالفتاح مقلد الغنيمى
245 1 0 _aالاسلام والعروبة فى السودان /
_cعبدالفتاح مقلد الغنيمى
260 _aالقاهرة :
_bالعربى للنشر والتوزيع ،
_c1986
300 _a366 ص ؛
_c24 سم
490 _a
650 0 4 _aالاسلام
650 0 4 _aالسودان
650 0 4 _aالاسلام والوحدة العربية
942 _2ddc
_cBK
999 _c31860
_d31860